[Event "Caplin Menchik Mem 1st"]
[Site "London"]
[Date "2022.06.18"]
[Round "1.1"]
[White "Varney, Zoe"]
[Black "Yao, Lan"]
[Result "0-1"]
[WhiteElo "2046"]
[BlackElo "2276"]
[PlyCount "76"]
[EventDate "2022.06.21"]
[EventType "tourn"]
[EventRounds "9"]
[EventCountry "ENG"]
[SourceTitle "playchess.com"]
[Source "ChessBase"]
[SourceQuality "1"]

1. e4 c6 2. d4 d5 3. e5 Bf5 4. Nd2 e6 5. Nb3 Nd7 6. Nf3 Ne7 7. c3 Nc8 8. Be3
Be7 9. Be2 b5 10. a4 b4 11. a5 bxc3 12. bxc3 Qc7 13. O-O O-O 14. Ne1 c5 15. g4
Bg6 16. f4 f5 17. dxc5 Bxc5 18. Bxc5 Nxc5 19. Nd4 Ne7 20. c4 Rad8 21. Nb5 Qd7
22. g5 a6 23. Nd6 Ne4 24. Nxe4 fxe4 25. Qd4 Nf5 26. Qb6 d4 27. Bg4 Ra8 28. Rb1
Rfc8 29. c5 Rc6 30. Qb4 Ne3 31. Bd1 Nxf1 32. Ba4 Ne3 33. Bxc6 Qxc6 34. Qxd4 Nd5
35. Ng2 Rc8 36. Rc1 Rb8 37. Ne3 Nxf4 38. Kf2 Nd3+ 0-1

[Event "Caplin Menchik Mem 1st"]
[Site "London"]
[Date "2022.06.18"]
[Round "1.2"]
[White "Hunt, Harriet V"]
[Black "Hryshchenko, Kamila"]
[Result "1-0"]
[WhiteElo "2395"]
[BlackElo "2037"]
[PlyCount "61"]
[EventDate "2022.06.21"]
[EventType "tourn"]
[EventRounds "9"]
[EventCountry "ENG"]
[SourceTitle "playchess.com"]
[Source "ChessBase"]
[SourceQuality "1"]

1. e4 g6 2. d4 Bg7 3. Nf3 d6 4. Bc4 Nf6 5. Qe2 O-O 6. O-O Nc6 7. h3 h6 8. e5
Nd7 9. e6 fxe6 10. Bxe6+ Kh7 11. c3 Rf6 12. d5 Nce5 13. Nh4 c6 14. f4 cxd5 15.
Bxd5 e6 16. Bb3 Nc5 17. Bc2 b6 18. Na3 Ba6 19. Nb5 Qe7 20. Be3 Raf8 21. a4 Bb7
22. Rf2 Nf7 23. Bd4 e5 24. Bxc5 bxc5 25. f5 g5 26. Ng6 Qd7 27. Nxf8+ Bxf8 28.
c4 a6 29. Nc3 Kg7 30. Rd1 Bc6 31. Be4 1-0

[Event "Caplin Menchik Mem 1st"]
[Site "London"]
[Date "2022.06.18"]
[Round "1.3"]
[White "Vidic, Teja"]
[Black "Toma, Katarzyna"]
[Result "0-1"]
[WhiteElo "2168"]
[BlackElo "2304"]
[PlyCount "74"]
[EventDate "2022.06.21"]
[EventType "tourn"]
[EventRounds "9"]
[EventCountry "ENG"]
[SourceTitle "playchess.com"]
[Source "ChessBase"]
[SourceQuality "1"]

1. e4 c5 2. Nf3 Nc6 3. Bb5 d6 4. O-O Bd7 5. c3 a6 6. Bxc6 Bxc6 7. Re1 Nf6 8. d4
Bxe4 9. Bg5 d5 10. Bxf6 gxf6 11. dxc5 e6 12. b4 Bg7 13. Nbd2 f5 14. Nd4 O-O 15.
f3 Bd3 16. Re3 Bc4 17. f4 b6 18. cxb6 Qxb6 19. Rg3 Qc7 20. Qh5 Qxf4 21. Nxc4
dxc4 22. Rf1 Qe5 23. Qg5 h6 24. Qh5 Rac8 25. Rff3 Kh7 26. h4 Rc7 27. Kh2 Rd8
28. Re3 Qf6 29. Ref3 Rxd4 30. cxd4 Qxd4 31. Kh3 c3 32. Rd3 Qg1 33. Rxg7+ Kxg7
34. Qe2 Kf6 35. Qc2 Qh1+ 36. Kg3 Qe1+ 37. Kh3 Rc4 0-1

[Event "Caplin Menchik Mem 1st"]
[Site "London"]
[Date "2022.06.18"]
[Round "1.4"]
[White "Koubova, Anna Marie"]
[Black "Arakhamia-Grant, Ketevan"]
[Result "0-1"]
[WhiteElo "2115"]
[BlackElo "2354"]
[PlyCount "56"]
[EventDate "2022.06.21"]
[EventType "tourn"]
[EventRounds "9"]
[EventCountry "ENG"]
[SourceTitle "playchess.com"]
[Source "ChessBase"]
[SourceQuality "1"]

1. d4 Nf6 2. c4 c5 3. d5 b5 4. cxb5 a6 5. bxa6 g6 6. Nc3 Bg7 7. e4 O-O 8. Nf3
Qa5 9. Nd2 Bxa6 10. Bxa6 Qxa6 11. Qb3 e6 12. Nc4 Nxe4 13. Nxe4 exd5 14. Nb6 c4
15. Qb4 Nc6 16. Qc5 Rae8 17. O-O Rxe4 18. Nxd7 Rd8 19. Nb6 Qb7 20. Na4 Bd4 21.
Qa3 Qa7 22. Rb1 Ne5 23. b3 Nd3 24. bxc4 dxc4 25. Bg5 Ra8 26. Rb5 Nxf2 27. Qf3
Qxa4 28. Rb7 Nh3+ 0-1

[Event "Caplin Menchik Mem 1st"]
[Site "London"]
[Date "2022.06.18"]
[Round "1.5"]
[White "Dworakowska, Joanna"]
[Black "Schulze, Lara"]
[Result "1-0"]
[WhiteElo "2321"]
[BlackElo "2303"]
[PlyCount "61"]
[EventDate "2022.06.21"]
[EventType "tourn"]
[EventRounds "9"]
[EventCountry "ENG"]
[SourceTitle "playchess.com"]
[Source "ChessBase"]
[SourceQuality "1"]

1. e4 c5 2. Nf3 Nc6 3. d4 cxd4 4. Nxd4 Nf6 5. Nc3 d6 6. Bg5 e6 7. Qd2 a6 8.
O-O-O Bd7 9. f3 Nxd4 10. Qxd4 Be7 11. h4 Qc7 12. h5 h6 13. Bh4 b5 14. Kb1 Rc8
15. Qd2 Bc6 16. Bd3 Bb7 17. Ne2 d5 18. e5 Ne4 19. Qe1 Nc5 20. Nd4 Nxd3 21. Rxd3
Bc5 22. c3 O-O 23. f4 a5 24. Rg3 Kh7 25. Rxg7+ Kxg7 26. Qg3+ Kh7 27. Bf6 Rg8
28. Qd3+ Rg6 29. hxg6+ fxg6 30. Rxh6+ Kxh6 31. Qh3# 1-0

[Event "Caplin Menchik Mem 1st"]
[Site "London"]
[Date "2022.06.19"]
[Round "2.1"]
[White "Yao, Lan"]
[Black "Schulze, Lara"]
[Result "1/2-1/2"]
[WhiteElo "2276"]
[BlackElo "2303"]
[PlyCount "88"]
[EventDate "2022.06.21"]
[EventType "tourn"]
[EventRounds "9"]
[EventCountry "ENG"]
[SourceTitle "playchess.com"]
[Source "ChessBase"]
[SourceQuality "1"]

1. e4 e5 2. Nf3 Nc6 3. Bc4 Nf6 4. Ng5 d5 5. exd5 Na5 6. Bb5+ c6 7. dxc6 bxc6 8.
Qf3 Be7 9. Bd3 h6 10. Ne4 Nd5 11. Ng3 O-O 12. O-O Nb4 13. Re1 Nxd3 14. cxd3 Rb8
15. b3 c5 16. Bb2 f6 17. Nc3 c4 18. Qd5+ Qxd5 19. Nxd5 Bd8 20. dxc4 Nxc4 21.
Bc3 Nb6 22. Ne3 Bb7 23. Bb4 Rf7 24. Ngf5 Rd7 25. Rac1 Kh7 26. Nd6 Be7 27. Nef5
Bf8 28. Bc5 g6 29. Nxb7 gxf5 30. Bxf8 Rxf8 31. Na5 Rxd2 32. Rc7+ Kg6 33. a4 Rf7
34. Rc3 f4 35. g3 Nd5 36. Rc6 Nb4 37. Nc4 Nxc6 38. Nxd2 fxg3 39. hxg3 Rb7 40.
Rc1 Nd4 41. Kg2 Nxb3 42. Nxb3 Rxb3 43. Rc7 Ra3 44. Rxa7 e4 1/2-1/2

[Event "Caplin Menchik Mem 1st"]
[Site "London"]
[Date "2022.06.19"]
[Round "2.2"]
[White "Arakhamia-Grant, Ketevan"]
[Black "Dworakowska, Joanna"]
[Result "0-1"]
[WhiteElo "2354"]
[BlackElo "2321"]
[PlyCount "92"]
[EventDate "2022.06.21"]
[EventType "tourn"]
[EventRounds "9"]
[EventCountry "ENG"]
[SourceTitle "playchess.com"]
[Source "ChessBase"]
[SourceQuality "1"]

1. e4 c5 2. d3 Nc6 3. g3 d5 4. Nd2 Nf6 5. Bg2 b6 6. Ne2 e6 7. O-O Be7 8. h3 O-O
9. f4 dxe4 10. dxe4 Ba6 11. c4 Qc7 12. e5 Nd7 13. Qa4 Bb7 14. Ne4 Rad8 15. Be3
Ncxe5 16. fxe5 Bxe4 17. Bxe4 Qxe5 18. Qc2 f5 19. Bf4 Qxe4 20. Qxe4 fxe4 21. Nc3
g5 22. Be3 Rf3 23. Bf2 e3 24. Be1 Ne5 25. b3 Rdf8 26. Rxf3 Nxf3+ 27. Kf1 Bf6
28. Rc1 Be5 29. Ke2 Nxe1 30. Kxe1 Bxc3+ 31. Rxc3 Rf3 32. h4 g4 33. Rd3 Rxg3 34.
Rd7 Rf3 35. Ke2 Rf7 36. Rd8+ Kg7 37. Kxe3 g3 38. Rd2 Kh6 39. Rg2 Rg7 40. Kf4
Kh5 41. Rxg3 e5+ 42. Kf3 e4+ 43. Kf4 Rxg3 44. Kxg3 e3 45. Kf3 Kxh4 46. Kxe3 Kg3
0-1

[Event "Caplin Menchik Mem 1st"]
[Site "London"]
[Date "2022.06.19"]
[Round "2.3"]
[White "Toma, Katarzyna"]
[Black "Koubova, Anna Marie"]
[Result "1-0"]
[WhiteElo "2304"]
[BlackElo "2115"]
[PlyCount "83"]
[EventDate "2022.06.21"]
[EventType "tourn"]
[EventRounds "9"]
[EventCountry "ENG"]
[SourceTitle "playchess.com"]
[Source "ChessBase"]
[SourceQuality "1"]

1. e4 e6 2. d3 d5 3. Nd2 c5 4. g3 Bd6 5. Bg2 Ne7 6. Ngf3 Nbc6 7. O-O O-O 8. Re1
Qc7 9. Qe2 f6 10. c3 Bd7 11. a3 d4 12. a4 e5 13. Nc4 b6 14. Nfd2 a6 15. Nxd6
Qxd6 16. f4 b5 17. f5 Na5 18. axb5 axb5 19. h4 Nec6 20. Kh2 Nb7 21. Rxa8 Rxa8
22. g4 dxc3 23. bxc3 Ra2 24. Qd1 Nba5 25. Nb3 Be8 26. Be3 c4 27. Nc1 Rb2 28.
Kg3 Nb3 29. dxc4 Qxd1 30. Rxd1 bxc4 31. Bf1 Nca5 32. Nxb3 Rxb3 33. Bd2 Bb5 34.
Ra1 Nc6 35. Kf2 h6 36. Be2 Kh7 37. g5 hxg5 38. hxg5 fxg5 39. Bh5 Ne7 40. Bxg5
Nc8 41. Bf7 g6 42. f6 1-0

[Event "Caplin Menchik Mem 1st"]
[Site "London"]
[Date "2022.06.19"]
[Round "2.4"]
[White "Hryshchenko, Kamila"]
[Black "Vidic, Teja"]
[Result "1-0"]
[WhiteElo "2037"]
[BlackElo "2168"]
[PlyCount "89"]
[EventDate "2022.06.21"]
[EventType "tourn"]
[EventRounds "9"]
[EventCountry "ENG"]
[SourceTitle "playchess.com"]
[Source "ChessBase"]
[SourceQuality "1"]

1. e4 e5 2. Nf3 Nc6 3. Bb5 a6 4. Bxc6 dxc6 5. O-O Bg4 6. d3 Qf6 7. Nbd2 Ne7 8.
h3 h5 9. Qe1 Ng6 10. d4 Nf4 11. dxe5 Qg6 12. Nh4 Qg5 13. Ndf3 Bxf3 14. Bxf4
Qxh4 15. Qe3 Bxg2 16. Kxg2 Bc5 17. Qf3 O-O-O 18. Rad1 Rdg8 19. Rd3 Qe7 20. Rfd1
g5 21. Bg3 h4 22. Qf5+ Qe6 23. Bh2 g4 24. Rd7 gxh3+ 25. Kxh3 Rh5 26. Qxe6 fxe6
27. Rf7 Rd8 28. Rxd8+ Kxd8 29. c3 Be7 30. f4 Ke8 31. Rg7 Kf8 32. Rg1 Kf7 33.
Rd1 Ke8 34. Rf1 Bc5 35. f5 Kf7 36. Rf4 exf5 37. exf5 Be3 38. Rf3 Bb6 39. Kg4
Rh8 40. Bf4 a5 41. Bg5 a4 42. e6+ Kg7 43. f6+ Kg6 44. f7 Bc5 45. e7 1-0

[Event "Caplin Menchik Mem 1st"]
[Site "London"]
[Date "2022.06.19"]
[Round "2.5"]
[White "Varney, Zoe"]
[Black "Hunt, Harriet V"]
[Result "0-1"]
[WhiteElo "2046"]
[BlackElo "2395"]
[PlyCount "76"]
[EventDate "2022.06.21"]
[EventType "tourn"]
[EventRounds "9"]
[EventCountry "ENG"]
[SourceTitle "playchess.com"]
[Source "ChessBase"]
[SourceQuality "1"]

1. e3 Nf6 2. Nf3 e6 3. b3 b6 4. Bb2 Bb7 5. c4 d5 6. Nc3 a6 7. d4 Bd6 8. Be2
Nbd7 9. O-O O-O 10. Qc2 Qe7 11. Rfd1 Rac8 12. Rac1 Rfe8 13. Qb1 dxc4 14. bxc4
e5 15. dxe5 Nxe5 16. Nd5 Nxd5 17. cxd5 Ng6 18. Ba1 b5 19. a4 b4 20. Qb2 f6 21.
Qd4 Ra8 22. Bd3 Bc8 23. a5 Bd7 24. Nh4 Qe5 25. Nxg6 Qxh2+ 26. Kf1 hxg6 27. Bxg6
Bb5+ 28. Bd3 Re5 29. Bxb5 axb5 30. Qg4 Qh1+ 31. Ke2 Qh5 32. Qxh5 Rxh5 33. g4
Rh2 34. Rg1 Rxa5 35. Rc2 b3 36. Rd2 Bb4 37. Rd4 Ra2+ 38. Kd3 b2 0-1

[Event "Caplin Menchik Mem 1st"]
[Site "London"]
[Date "2022.06.20"]
[Round "3.1"]
[White "Hunt, Harriet V"]
[Black "Yao, Lan"]
[Result "0-1"]
[WhiteElo "2395"]
[BlackElo "2276"]
[PlyCount "70"]
[EventDate "2022.06.21"]
[EventType "tourn"]
[EventRounds "9"]
[EventCountry "ENG"]
[SourceTitle "playchess.com"]
[Source "ChessBase"]
[SourceQuality "1"]

1. e4 c5 2. Nf3 e6 3. d4 cxd4 4. Nxd4 Nc6 5. Nc3 Qc7 6. Be3 a6 7. Bd3 Nf6 8.
O-O Nxd4 9. Bxd4 Bc5 10. Be2 d6 11. Kh1 e5 12. Bxc5 Qxc5 13. Qd3 Be6 14. Rad1
Rd8 15. f4 exf4 16. Rxf4 Qe5 17. Rdf1 O-O 18. Qg3 Kh8 19. a4 Nh5 20. Bxh5 Qxh5
21. Qe3 Qe5 22. Qb6 Rd7 23. Qf2 Rc8 24. Rf3 b5 25. axb5 axb5 26. Re1 h6 27. Rd3
Rc4 28. Rde3 Rdc7 29. R3e2 b4 30. Na4 Bg4 31. Rd2 Rxe4 32. Rxe4 Qxe4 33. b3 Re7
34. h3 Bxh3 35. Rxd6 Bxg2+ 0-1

[Event "Caplin Menchik Mem 1st"]
[Site "London"]
[Date "2022.06.20"]
[Round "3.2"]
[White "Vidic, Teja"]
[Black "Varney, Zoe"]
[Result "0-1"]
[WhiteElo "2168"]
[BlackElo "2046"]
[PlyCount "68"]
[EventDate "2022.06.21"]
[EventType "tourn"]
[EventRounds "9"]
[EventCountry "ENG"]
[SourceTitle "playchess.com"]
[Source "ChessBase"]
[SourceQuality "1"]

1. e4 e5 2. Nf3 Nc6 3. Bb5 a6 4. Ba4 Nf6 5. O-O Be7 6. Re1 b5 7. Bb3 O-O 8. c3
d5 9. exd5 Nxd5 10. Nxe5 Nxe5 11. Rxe5 c6 12. d4 Bd6 13. Re1 Qh4 14. g3 Qh3 15.
Be3 Ra7 16. Qd3 Re7 17. Nd2 Rfe8 18. Bxd5 cxd5 19. a4 f5 20. Qf1 Qh5 21. Qe2
Qg6 22. Qd3 Qh5 23. Nf1 f4 24. gxf4 Bxf4 25. Ng3 Bxg3 26. hxg3 Bf5 27. Qf1 Bh3
28. Qe2 Bg4 29. f3 Bxf3 30. Qf1 Rxe3 31. Rxe3 Rxe3 32. axb5 Qh1+ 33. Kf2 Re2+
34. Qxe2 Qg2+ 0-1

[Event "Caplin Menchik Mem 1st"]
[Site "London"]
[Date "2022.06.20"]
[Round "3.3"]
[White "Koubova, Anna Marie"]
[Black "Hryshchenko, Kamila"]
[Result "0-1"]
[WhiteElo "2115"]
[BlackElo "2037"]
[PlyCount "56"]
[EventDate "2022.06.21"]
[EventType "tourn"]
[EventRounds "9"]
[EventCountry "ENG"]
[SourceTitle "playchess.com"]
[Source "ChessBase"]
[SourceQuality "1"]

1. d4 g6 2. e4 Bg7 3. Nc3 d6 4. g3 Nc6 5. Nge2 Bg4 6. Qd3 a6 7. a3 e5 8. d5
Nce7 9. f3 Bd7 10. g4 h5 11. g5 h4 12. Be3 Nc8 13. a4 Nge7 14. Rg1 c5 15. dxc6
bxc6 16. O-O-O Qa5 17. f4 Rb8 18. fxe5 Bxe5 19. Bd4 Rh5 20. Bh3 Bxh3 21. Qxh3
Nb6 22. b3 Bxd4 23. Nxd4 c5 24. Nde2 c4 25. Nd5 Nbxd5 26. exd5 Qb4 27. Qc3 cxb3
28. cxb3 Rc8 0-1

[Event "Caplin Menchik Mem 1st"]
[Site "London"]
[Date "2022.06.20"]
[Round "3.4"]
[White "Dworakowska, Joanna"]
[Black "Toma, Katarzyna"]
[Result "1/2-1/2"]
[WhiteElo "2321"]
[BlackElo "2304"]
[PlyCount "63"]
[EventDate "2022.06.21"]
[EventType "tourn"]
[EventRounds "9"]
[EventCountry "ENG"]
[SourceTitle "playchess.com"]
[Source "ChessBase"]
[SourceQuality "1"]

1. e4 c5 2. Nf3 Nc6 3. d4 cxd4 4. Nxd4 Nf6 5. Nc3 e5 6. Ndb5 d6 7. Nd5 Nxd5 8.
exd5 Ne7 9. c3 Nf5 10. a4 g6 11. Bd3 Bg7 12. O-O O-O 13. Qb3 Re8 14. Qb4 Bd7
15. Re1 b6 16. Bd2 a5 17. Qb3 Rb8 18. Re4 Rf8 19. Rae1 Bxb5 20. Bxb5 Ne7 21.
R4e2 f5 22. f4 e4 23. Be3 Kh8 24. g3 Ng8 25. Rg2 Rf7 26. Kf1 Nf6 27. h3 Nd7 28.
Qc2 Rc8 29. Kg1 Nc5 30. Kh2 Re7 31. Qd1 Qf8 32. Reg1 1/2-1/2

[Event "Caplin Menchik Mem 1st"]
[Site "London"]
[Date "2022.06.20"]
[Round "3.5"]
[White "Schulze, Lara"]
[Black "Arakhamia-Grant, Ketevan"]
[Result "1/2-1/2"]
[WhiteElo "2303"]
[BlackElo "2354"]
[PlyCount "55"]
[EventDate "2022.06.21"]
[EventType "tourn"]
[EventRounds "9"]
[EventCountry "ENG"]
[SourceTitle "playchess.com"]
[Source "ChessBase"]
[SourceQuality "1"]

1. e4 c5 2. Nf3 Nc6 3. Bb5 e6 4. O-O Nge7 5. Re1 a6 6. Bf1 d5 7. exd5 Nxd5 8.
d4 cxd4 9. Nxd4 Ndb4 10. Nxc6 Qxd1 11. Rxd1 Nxc6 12. Nd2 Be7 13. Nc4 O-O 14.
Bf4 Bc5 15. a4 Nb4 16. c3 Nd5 17. Bd6 Bxd6 18. Nxd6 Rd8 19. Nxc8 Raxc8 20. g3
Kf8 21. Rd4 Ke7 22. Bg2 b6 23. Rad1 Nc7 24. Kf1 a5 25. Ke2 Rxd4 26. Rxd4 Ne8
27. Kd3 Nd6 28. h4 1/2-1/2

[Event "Caplin Menchik Mem 1st"]
[Site "London"]
[Date "2022.06.21"]
[Round "4.1"]
[White "Yao, Lan"]
[Black "Arakhamia-Grant, Ketevan"]
[Result "1/2-1/2"]
[WhiteElo "2276"]
[BlackElo "2354"]
[PlyCount "106"]
[EventDate "2022.06.21"]
[EventType "tourn"]
[EventRounds "9"]
[EventCountry "ENG"]
[SourceTitle "playchess.com"]
[Source "ChessBase"]
[SourceQuality "1"]

1. e4 c5 2. Nf3 Nc6 3. Bb5 e5 4. Bxc6 dxc6 5. d3 Qc7 6. Nbd2 f6 7. Nc4 Be6 8.
Bd2 O-O-O 9. Qe2 Ne7 10. a3 g5 11. h4 g4 12. Nh2 h5 13. Nf1 Ng6 14. g3 f5 15.
Bg5 Be7 16. Bxe7 Nxe7 17. Nfd2 f4 18. a4 Ng6 19. a5 Rhg8 20. Rg1 Rdf8 21. Rf1
Kb8 22. O-O-O b5 23. axb6 axb6 24. Nb3 Rd8 25. Qe1 Bxc4 26. dxc4 Rxd1+ 27. Qxd1
Nf8 28. Qe2 Nd7 29. Rd1 Nf6 30. Qd3 Kb7 31. c3 Rg7 32. Qe2 Re7 33. Kc2 Re6 34.
Qd3 Ne8 35. Qd7 Re7 36. Qd3 Rf7 37. Nd2 Nd6 38. Nb3 fxg3 39. fxg3 Rf2+ 40. Kb1
Rf6 41. Nd2 Qf7 42. Kc2 Qg6 43. Qe2 Rf7 44. Rf1 Rxf1 45. Qxf1 Qh6 46. Qf2 Kc7
47. Kd3 Kd7 48. Kc2 Qg6 49. Kd3 Ke7 50. b3 Qh7 51. Qe3 Qg6 52. Qf2 Qg7 53. Ke2
Qg6 1/2-1/2

[Event "Caplin Menchik Mem 1st"]
[Site "London"]
[Date "2022.06.21"]
[Round "4.2"]
[White "Toma, Katarzyna"]
[Black "Schulze, Lara"]
[Result "0-1"]
[WhiteElo "2304"]
[BlackElo "2303"]
[PlyCount "68"]
[EventDate "2022.06.21"]
[EventType "tourn"]
[EventRounds "9"]
[EventCountry "ENG"]
[SourceTitle "playchess.com"]
[Source "ChessBase"]
[SourceQuality "1"]

1. e4 e5 2. Nf3 Nc6 3. d4 exd4 4. Nxd4 Nf6 5. Nxc6 bxc6 6. e5 Qe7 7. Qe2 Nd5 8.
Bd2 Qe6 9. a3 a5 10. Nc3 Ba6 11. Qe4 Bxf1 12. Rxf1 Be7 13. f4 Nxc3 14. Bxc3 f5
15. Qd3 d5 16. O-O-O O-O 17. g4 Kh8 18. g5 Rfd8 19. a4 c5 20. b3 c4 21. bxc4
dxc4 22. Qe3 Qc6 23. Rxd8+ Rxd8 24. e6 Ba3+ 25. Bb2 Bb4 26. Bd4 Qxa4 27. Qe5
Bf8 28. Re1 c3 29. Bxc3 Ba3+ 30. Bb2 Bxb2+ 31. Kxb2 Qb4+ 32. Kc1 Qd2+ 33. Kb2
Rb8+ 34. Ka1 Qb4 0-1

[Event "Caplin Menchik Mem 1st"]
[Site "London"]
[Date "2022.06.21"]
[Round "4.3"]
[White "Hryshchenko, Kamila"]
[Black "Dworakowska, Joanna"]
[Result "1-0"]
[WhiteElo "2037"]
[BlackElo "2321"]
[PlyCount "97"]
[EventDate "2022.06.21"]
[EventType "tourn"]
[EventRounds "9"]
[EventCountry "ENG"]
[SourceTitle "playchess.com"]
[Source "ChessBase"]
[SourceQuality "1"]

1. e4 Nf6 2. d3 d5 3. e5 Nfd7 4. f4 c5 5. c3 Nc6 6. Nf3 b5 7. Qb3 e6 8. Qxb5
Qc7 9. Be2 Be7 10. Qa4 O-O 11. O-O f6 12. d4 cxd4 13. cxd4 fxe5 14. dxe5 Nb4
15. Na3 Qb6+ 16. Kh1 Rb8 17. Nc2 Nxc2 18. Qxc2 Nc5 19. Rb1 Ne4 20. g3 a5 21.
Kg2 Ba6 22. Be3 Qxe3 23. Bxa6 Rb6 24. Bd3 Rfb8 25. Rfe1 Qc5 26. Bxe4 dxe4 27.
Qxe4 Rxb2+ 28. Rxb2 Rxb2+ 29. Re2 Rxe2+ 30. Qxe2 a4 31. Qe4 a3 32. f5 exf5 33.
Qxf5 Qc4 34. Qd7 Qe2+ 35. Kh3 Qf1+ 36. Kg4 h5+ 37. Kf4 g5+ 38. Ke3 Bc5+ 39. Nd4
Qe1+ 40. Kd3 Qxe5 41. Qc8+ Kh7 42. Qb7+ Kg6 43. Qc6+ Kf7 44. Qf3+ Qf6 45. Qd5+
Kg6 46. Qxc5 Qf1+ 47. Ke4 Qg2+ 48. Ke5 h4 49. Qc2+ 1-0

[Event "Caplin Menchik Mem 1st"]
[Site "London"]
[Date "2022.06.22"]
[Round "5.1"]
[White "Vidic, Teja"]
[Black "Yao, Lan"]
[Result "0-1"]
[WhiteElo "2168"]
[BlackElo "2276"]
[PlyCount "114"]
[EventDate "2022.06.21"]
[EventType "tourn"]
[EventRounds "9"]
[EventCountry "ENG"]
[SourceTitle "playchess.com"]
[Source "ChessBase"]
[SourceQuality "1"]

1. e4 c5 2. Nf3 e6 3. d4 cxd4 4. Nxd4 Nc6 5. Nc3 Qc7 6. f4 a6 7. Nxc6 bxc6 8.
Bd3 d5 9. O-O Nf6 10. Qe2 Be7 11. b3 Bb7 12. Bb2 h5 13. Rae1 h4 14. h3 Bc5+ 15.
Kh2 Nh5 16. Qg4 Ng3 17. Rf3 O-O-O 18. e5 g6 19. Rxg3 hxg3+ 20. Qxg3 Be7 21. Qf3
Qa5 22. a3 c5 23. Qe2 Kb8 24. b4 cxb4 25. axb4 Qxb4 26. Bxa6 Rd7 27. Rb1 Bxa6
28. Qxa6 Ra7 29. Qd3 Qxf4+ 30. Kh1 Rb7 31. Ba3 Rxb1+ 32. Nxb1 Bxa3 33. Nxa3 Qb4
34. Qa6 Qe1+ 35. Kh2 Qxe5+ 36. Kh1 Qc7 37. Nb5 Qb7 38. Qd6+ Kc8 39. Qe5 Rxh3+
40. gxh3 Qxb5 41. Qd6 Qb1+ 42. Kg2 Qxc2+ 43. Kf3 Qc7 44. Qf8+ Kb7 45. Qb4+ Kc6
46. Qa4+ Kd6 47. Qb4+ Kd7 48. Qf8 Qc3+ 49. Kg4 Qf6 50. h4 Qf5+ 51. Kg3 e5 52.
Qc5 Qd3+ 53. Kg2 Qd4 54. Qb5+ Ke7 55. Qb7+ Kf6 56. Qb8 Kg7 57. Qd8 Qe4+ 0-1

[Event "Caplin Menchik Mem 1st"]
[Site "London"]
[Date "2022.06.22"]
[Round "5.2"]
[White "Koubova, Anna Marie"]
[Black "Hunt, Harriet V"]
[Result "1-0"]
[WhiteElo "2115"]
[BlackElo "2395"]
[PlyCount "83"]
[EventDate "2022.06.21"]
[EventType "tourn"]
[EventRounds "9"]
[EventCountry "ENG"]
[SourceTitle "playchess.com"]
[Source "ChessBase"]
[SourceQuality "1"]

1. d4 Nf6 2. c4 e6 3. g3 d5 4. Bg2 dxc4 5. Qa4+ Bd7 6. Qxc4 Bc6 7. Nf3 b5 8.
Qc2 Bb4+ 9. Nbd2 Be4 10. Qb3 Nc6 11. O-O Bxd2 12. Bxd2 Rb8 13. e3 O-O 14. Rac1
Bd5 15. Qc2 Rb6 16. b3 b4 17. Rfd1 Qa8 18. Ne1 Bxg2 19. Nxg2 e5 20. Qc5 Rd8 21.
Be1 exd4 22. exd4 Nd5 23. Bd2 Nce7 24. Ne3 Qb7 25. Nxd5 Nxd5 26. Re1 h6 27. Re5
a5 28. Rce1 Qa8 29. Qc2 Rbd6 30. Qc5 f6 31. R5e4 Kf7 32. Bf4 Rc6 33. Qb5 Rc2
34. Qd3 Qc6 35. Qf3 Nxf4 36. Qxf4 Qd5 37. Re7+ Kf8 38. Qg4 Qg5 39. Qe4 Qd2 40.
Re8+ Kf7 41. Qe6+ Kg6 42. Qg4+ 1-0

[Event "Caplin Menchik Mem 1st"]
[Site "London"]
[Date "2022.06.22"]
[Round "5.3"]
[White "Dworakowska, Joanna"]
[Black "Varney, Zoe"]
[Result "1-0"]
[WhiteElo "2321"]
[BlackElo "2046"]
[PlyCount "71"]
[EventDate "2022.06.21"]
[EventType "tourn"]
[EventRounds "9"]
[EventCountry "ENG"]
[SourceTitle "playchess.com"]
[Source "ChessBase"]
[SourceQuality "1"]

1. e4 e5 2. Nf3 Nc6 3. Nc3 Nf6 4. Bb5 Nd4 5. Ba4 c6 6. Bb3 d6 7. Nxd4 exd4 8.
Ne2 Nxe4 9. Nxd4 Qf6 10. Nf3 Nc5 11. Bc4 Bg4 12. Be2 Ne6 13. Ng1 Bf5 14. d3 d5
15. g4 Bg6 16. h4 h6 17. Rh3 Bc5 18. Nf3 O-O-O 19. h5 Bh7 20. Kf1 Rhe8 21. Rb1
Bd6 22. b4 Qe7 23. Be3 Bxb4 24. Nd4 Bd6 25. Qd2 c5 26. Nb5 Bb8 27. Bf3 d4 28.
Qa5 dxe3 29. Nxa7+ Kd7 30. Rxb7+ Nc7 31. Bc6+ Kd6 32. Rxe3 Qh4 33. Bxe8 Qh1+
34. Ke2 Qxb7 35. Nb5+ Kd5 36. c4# 1-0

[Event "Caplin Menchik Mem 1st"]
[Site "London"]
[Date "2022.06.22"]
[Round "5.4"]
[White "Schulze, Lara"]
[Black "Hryshchenko, Kamila"]
[Result "1/2-1/2"]
[WhiteElo "2303"]
[BlackElo "2037"]
[PlyCount "133"]
[EventDate "2022.06.21"]
[EventType "tourn"]
[EventRounds "9"]
[EventCountry "ENG"]
[SourceTitle "playchess.com"]
[Source "ChessBase"]
[SourceQuality "1"]

1. e4 g6 2. d4 Bg7 3. Nf3 d6 4. Bc4 e6 5. Bb3 Ne7 6. O-O O-O 7. Re1 Nd7 8. Nbd2
a6 9. a4 b6 10. Nf1 Bb7 11. Ng3 c5 12. c3 Rc8 13. h3 Qc7 14. Bg5 Rfe8 15. Qd2
c4 16. Bc2 e5 17. d5 Kh8 18. h4 Ng8 19. h5 Ndf6 20. Nh2 Rb8 21. Rf1 Bc8 22. h6
Bf8 23. f4 Nd7 24. fxe5 Nxe5 25. Nf3 Be7 26. Be3 f6 27. Nxe5 dxe5 28. Rf2 Rd8
29. Qe2 Bd7 30. Nf1 Ra8 31. Nh2 b5 32. Kh1 Rdb8 33. Bd1 Qd6 34. Bc2 b4 35. Qxc4
a5 36. Qe2 bxc3 37. bxc3 Qc7 38. c4 Rb4 39. Bd3 Rxa4 40. Rxa4 Bxa4 41. Qa2 Bc5
42. Nf1 Bd7 43. Bxc5 Qxc5 44. Qd2 a4 45. Qe3 Qb4 46. c5 a3 47. Ra2 Ba4 48. c6
Bb3 49. Ra1 a2 50. Nd2 Qc3 51. Nxb3 Qxb3 52. Qd2 Nxh6 53. Qc2 Qxc2 54. Bxc2 Nf7
55. c7 Rc8 56. Rxa2 Rxc7 57. Bd3 Rc3 58. Ra7 Kg8 59. Be2 Rc1+ 60. Kh2 h5 61.
Kg3 Rc2 62. Bf3 Kf8 63. Ra8+ Kg7 64. Ra7 Rd2 65. Rb7 Kf8 66. Rb8+ Kg7 67. Rb7
1/2-1/2

[Event "Caplin Menchik Mem 1st"]
[Site "London"]
[Date "2022.06.22"]
[Round "5.5"]
[White "Arakhamia-Grant, Ketevan"]
[Black "Toma, Katarzyna"]
[Result "0-1"]
[WhiteElo "2354"]
[BlackElo "2304"]
[PlyCount "102"]
[EventDate "2022.06.21"]
[EventType "tourn"]
[EventRounds "9"]
[EventCountry "ENG"]
[SourceTitle "playchess.com"]
[Source "ChessBase"]
[SourceQuality "1"]

1. e4 c5 2. Nf3 d6 3. Bb5+ Nd7 4. c3 a6 5. Ba4 Ngf6 6. Bc2 c4 7. a4 Nc5 8. Qe2
d5 9. e5 Nfd7 10. O-O e6 11. b4 cxb3 12. Bd1 Qa5 13. Ba3 Nxa4 14. Bxf8 Kxf8 15.
Bxb3 Ndc5 16. Bc2 b5 17. Ng5 h6 18. Qh5 Qc7 19. d4 g6 20. Qh3 Kg7 21. Nf3 Ne4
22. Bxa4 bxa4 23. Rxa4 Bd7 24. Ra3 Bb5 25. Re1 Qe7 26. Ra5 Rhc8 27. Nfd2 Qg5
28. Qe3 Qxe3 29. Rxe3 Rab8 30. f3 Nxd2 31. Nxd2 Bc4 32. Nxc4 Rxc4 33. Rxa6 Rb3
34. Ra2 Rbxc3 35. Rxc3 Rxc3 36. Rd2 g5 37. Kf2 h5 38. Ke2 Kg6 39. Ra2 h4 40.
Rd2 Kf5 41. Kf2 Kf4 42. g3+ hxg3+ 43. hxg3+ Kf5 44. Kg2 Rb3 45. Ra2 Rd3 46. Ra4
g4 47. fxg4+ Kxg4 48. Kf2 Rxg3 49. Ke2 Kf4 50. Ra7 Ke4 51. Rxf7 Kxd4 0-1